000 00530nam a22001817a 4500
005 20160114101501.0
010 _aENG-114429
020 _c250.00
_a9788178002552
035 _aEN-97961
037 _bDBAD/PUB
082 _a615.11
100 _aVidya Sagar, G.
245 _aPharmacy administration /
_cby G. Vidya Sagar
260 _aHyderabad
_bPharmaMed Press
_c2010
270 _a4-4-316, Giriraj Lane, Sultan Bazar
_bHyderabad
_e500095
300 _axi,436p.
_c24cm(pbk)
942 _2ddc
_cEN
_mVID
_h615.11
999 _c97990
_d97990